000 00284nam a2200121Ia 4500
008 230303s9999 xx 000 0 und d
041 _aeng
082 _a005.268 MIC
100 _aMICROSOFT
245 _aMicrosoft Application Center 2000
260 _aNew Delhi
_bPHI
365 _cRS
999 _c179363
_d179363